| 000 | 00856nam a2200241 a 4500 | ||
|---|---|---|---|
| 001 | BRCA_8410 | ||
| 005 | 20190320210252.0 | ||
| 008 | 240415s2015----sp-a######---#000-0#spa-# | ||
| 020 | _a9788480035989 | ||
| 041 | _aspa | ||
| 044 | _asp | ||
| 050 | 4 |
_aF1230.C6 _b.I85 2015 |
|
| 245 | 1 | 0 | _aItinerario de Hernán Cortés. |
| 260 |
_aMadrid _bCanal de Isabel II Gestión _c2015 |
||
| 300 |
_a415 p. _bil. a color _c30 cm. |
||
| 500 | _aIncluye lista de piezas expuestas | ||
| 500 | _aIncluye piezas de la colección Franz Mayer: p. 301, 409, 413 y 415 | ||
| 500 | _aCatálogo de la exposición realizada en el Centro de Exposiciones Arte Canal, 3 diciembre 2014 - 3 mayo 2015 | ||
| 600 | 1 | 4 |
_aCortés, Hernán _d1485-1547 _9439 |
| 651 | 4 |
_aMéxico _xHistoria _yConquista, 1519-1540 _9442 |
|
| 651 | 4 |
_aMéxico _xGeografía histórica _9540 |
|
| 942 |
_2lcc _cB |
||
| 999 |
_c8078 _d8078 |
||